¿Es sostenible la globalización en América Latina?: debates con Manuel Castells.
Salvato in:
| Autore principale: | |
|---|---|
| Natura: | Libro |
| Lingua: | spagnolo |
| Pubblicazione: |
Santiago, Chile:
Fondo de Cultura Económica Chile,
2003.
|
| Edizione: | Primera edición |
| Serie: | Sección de Obras de Sociología
|
| Soggetti: | |
| Tags: |
Aggiungi Tag
Nessun Tag, puoi essere il primo ad aggiungerne!!
|
MARC
| LEADER | 00000cam a2200000 a 4500 | ||
|---|---|---|---|
| 001 | UCL2496 | ||
| 003 | CL-VaPUC | ||
| 005 | 20240927114806.0 | ||
| 008 | 031024e20030000CL |||||||||||||||||spa|d | ||
| 999 | |c 305800 |d 305798 | ||
| 020 | |a 956-289-039-2 (obra completa) | ||
| 020 | |a 9562890406 v.1 | ||
| 020 | |a 956-289-041-4 v.2 | ||
| 040 | |c Pontificia Universidad Católica de Valparaíso | ||
| 082 | 0 | 4 | |a 303.4 CAL 2003 |2 21 |
| 100 | 0 | |a Calderón, Fernando |e autor |9 479604 | |
| 245 | 1 | 0 | |a ¿Es sostenible la globalización en América Latina?: debates con Manuel Castells. |
| 250 | |a Primera edición | ||
| 260 | |a Santiago, Chile: |b Fondo de Cultura Económica Chile, |c 2003. | ||
| 300 | |a 2 v | ||
| 490 | 0 | |a Sección de Obras de Sociología | |
| 500 | |a c.9 Donación ELE 9-9-2024 | ||
| 505 | |a v.1: La globalización y América Latina: asignaturas pendientes v.2: Nación y cultura. América Latina en la era de la información | ||
| 583 | |a last modification |c 20140507 11:43:55 |k Rodrigo Vera | ||
| 600 | 0 | |a Castells, Manuel |9 489680 |t La era de la información |v Debate | |
| 650 | 0 | |a Cambio social |9 256857 | |
| 650 | 0 | |a Desarrollo económico y social |9 256320 | |
| 650 | 0 | |a Libre comercio |2 CL-VaPUC |9 323018 | |
| 650 | 0 | |a Globalización |9 361930 | |
| 942 | |c BK |2 ddc | ||
| 945 | |d 20031024 00:00:00 |a cmena | ||
| 952 | |0 0 |1 0 |4 0 |6 303_400000000000000_CAL_2003 |7 0 |8 A |9 370214 |a BIBING |b BIBING |d 2019-11-21 |h v.1 |i 3956695 |o 303.4 CAL 2003 |p 3956695 |r 2025-01-20 |w 2019-11-21 |y BK |k GEO | ||
| 952 | |0 0 |1 0 |4 0 |6 303_400000000000000_CAL_2003 |7 0 |8 A |9 370215 |a BIBING |b BIBING |d 2019-11-21 |h v.2 |i 3956709 |o 303.4 CAL 2003 |p 3956709 |r 2025-01-20 |w 2019-11-21 |y BK |k GEO | ||
| 952 | |0 0 |1 0 |4 0 |6 303_400000000000000_CAL_2003 |7 0 |8 A |9 370216 |a BIBGIM |b BIBGIM |d 2019-11-21 |h v.1 |i 3960064 |o 303.4 CAL 2003 |p 3960064 |r 2025-01-15 |w 2019-11-21 |y BK |k SSL | ||
| 952 | |0 0 |1 0 |4 0 |6 303_400000000000000_CAL_2003 |7 0 |8 A |9 370217 |a BIBGIM |b BIBGIM |d 2019-11-21 |h v.2 |i 3960072 |o 303.4 CAL 2003 |p 3960072 |r 2025-01-15 |w 2019-11-21 |y BK |k SSL | ||
| 952 | |0 0 |1 0 |4 0 |6 303_400000000000000_CAL_2003 |7 0 |8 A |9 370218 |a BIBTEO |b BIBTEO |d 2019-11-21 |h v.1 |i 3967026 |o 303.4 CAL 2003 |p 3967026 |r 2025-01-17 |w 2019-11-21 |y BK |k ICR | ||
| 952 | |0 0 |1 0 |4 0 |6 303_400000000000000_CAL_2003 |7 0 |8 A |9 370219 |a BIBTEO |b BIBTEO |d 2019-11-21 |h v.2 |i 3967034 |o 303.4 CAL 2003 |p 3967034 |r 2025-01-17 |w 2019-11-21 |y BK |k ICR | ||
| 952 | |0 0 |1 0 |4 0 |6 303_400000000000000_CAL_2003 |7 0 |8 A |9 370220 |a BIBEDU |b BIBEDU |d 2019-11-21 |h v.1 |i 396633K |o 303.4 CAL 2003 |p 396633K |r 2019-11-21 |w 2019-11-21 |y BK |k PSI | ||
| 952 | |0 0 |1 0 |4 0 |6 303_400000000000000_CAL_2003 |7 0 |8 A |9 370221 |a BIBEDU |b BIBEDU |d 2019-11-21 |h v.2 |i 3966348 |o 303.4 CAL 2003 |p 3966348 |r 2019-11-21 |w 2019-11-21 |y BK |k PSI | ||
| 952 | |0 0 |1 0 |4 0 |6 303_400000000000000_CAL_2003 |7 0 |8 A |9 370222 |a BIBEDU |b BIBEDU |d 2019-11-21 |h v.1 |i 3971295 |o 303.4 CAL 2003 |p 3971295 |r 2019-11-21 |w 2019-11-21 |y BK |k LIT | ||
| 952 | |0 0 |1 0 |4 0 |6 303_400000000000000_CAL_2003 |7 0 |8 A |9 370223 |a BIBEDU |b BIBEDU |d 2019-11-21 |h v.2 |i 3971309 |o 303.4 CAL 2003 |p 3971309 |r 2019-11-21 |w 2019-11-21 |y BK |k LIT | ||
| 952 | |0 0 |1 0 |4 0 |6 303_400000000000000_CAL_2003 |7 0 |8 A |9 370224 |a BIBHIS |b BIBHIS |d 2019-11-21 |h v.1 |i 3996891 |o 303.4 CAL 2003 |p 3996891 |r 2025-01-20 |w 2019-11-21 |y BK |k HIS | ||
| 952 | |0 0 |1 0 |4 0 |6 303_400000000000000_CAL_2003 |7 0 |8 A |9 370225 |a BIBHIS |b BIBHIS |d 2019-11-21 |h v.2 |i 3996905 |o 303.4 CAL 2003 |p 3996905 |r 2025-01-20 |w 2019-11-21 |y BK |k HIS | ||
| 952 | |0 0 |1 0 |4 0 |6 303_400000000000000_CAL_2003 |7 0 |8 A |9 370226 |a BIBEDU |b BIBEDU |d 2019-11-21 |h v.1 |i 4096878 |o 303.4 CAL 2003 |p 4096878 |r 2019-11-21 |w 2019-11-21 |y BK |k PSI | ||
| 952 | |0 0 |1 0 |4 0 |6 303_400000000000000_CAL_2003 |7 0 |8 A |9 370227 |a BIBEDU |b BIBEDU |d 2019-11-21 |h v.2 |i 4096886 |o 303.4 CAL 2003 |p 4096886 |r 2019-11-21 |w 2019-11-21 |y BK |k PSI | ||
| 952 | |0 0 |1 0 |4 0 |6 303_400000000000000_CAL_2003 |7 0 |8 A |9 370228 |a BIBCUR |b BIBCUR |d 2019-11-21 |i 4192702 |o 303.4 CAL 2003 |p 4192702 |r 2025-04-22 |w 2019-11-21 |y BK |k PER | ||
| 952 | |0 0 |1 0 |4 0 |6 303_400000000000000_CAL_2003 |7 0 |8 A |9 370229 |a BIBCUR |b BIBCUR |d 2019-11-21 |i 4221273 |o 303.4 CAL 2003 |p 4221273 |r 2025-04-22 |w 2019-11-21 |y BK |k PER | ||
| 952 | |0 0 |1 0 |4 0 |6 303_400000000000000_CAL_2003 |7 0 |8 A |9 370230 |a BIBGIM |b BIBGIM |d 2019-11-21 |h v.1 |i 4617037 |o 303.4 CAL 2003 |p 4617037 |r 2025-01-15 |w 2019-11-21 |y BK |k MTS | ||
| 952 | |0 0 |1 0 |3 erb |4 0 |6 303_400000000000000_CAL_2003 |7 0 |8 A |9 370231 |a BIBING |b BIBING |h v.1 |i 5076048 |o 303.4 CAL 2003 |p 5076048 |r 2025-01-20 |w 2019-11-21 |y BK |z Catalogado en:20140508 |k GEO | ||
| 952 | |0 0 |1 0 |3 erb |4 0 |6 303_400000000000000_CAL_2003 |7 0 |8 A |9 370232 |a BIBING |b BIBING |h v.2 |i 5076056 |o 303.4 CAL 2003 |p 5076056 |r 2025-01-20 |w 2019-11-21 |y BK |z Catalogado en:20140508 |k GEO | ||
| 952 | |0 0 |1 0 |3 erb |4 0 |6 303_400000000000000_CAL_2003 |7 0 |8 A |9 370233 |a BIBENE |b BIBENE |h v.1 |i 5327717 |o 303.4 CAL 2003 |p 5327717 |r 2025-01-15 |w 2019-11-21 |y BK |z Catalogado en:20170226 |k ICO | ||
| 952 | |0 0 |1 0 |2 ddc |4 0 |6 303_400000000000000_CAL_2003 |7 0 |8 A |9 597035 |a BIBGIM |b BIBGIM |d 2024-09-27 |e Donación |h v.2 |i 5662853 |o 303.4 CAL 2003 |p 5662853 |r 2025-01-15 |t 9 |w 2024-09-27 |y BK |k ELE | ||